000 00343nam a2200145 i 4500
001 bg
100 1 _aWOWSTER, W. A.
245 0 _aPrimenenie tenzorow i teorii grupp... /
_cW.A. Wowster.
260 _aMoskwa :
_b"Mir",
_c1977.
040 _cBPK
041 _apol
080 _a53
942 _cKS
008 s pl f |000 0 pol
999 _c27684
_d27684
856 _uhttp://koha.tu.koszalin.pl/cgi-bin/koha/opac-detail.pl?biblionumber=27684
_yKatalog online BPK